Emulsiones asfálticas aniónicas y catiónicas

Bewaard in:
Bibliografische gegevens
Hoofdauteur: Rojas Royo, Franklin
Formaat: Onbekend
Gepubliceerd in: [San José, Costa Rica] 1965
Onderwerpen:
Tags: Voeg label toe
Geen labels, Wees de eerste die dit record labelt!

MARC

LEADER 00000 a2200000 4500
003 011173
005 20221231143750.0
008 140114s1965 c a m 000 ||s d
040 |c cru CEDI 
090 |a TFG 207 
100 |a Rojas Royo, Franklin  |9 17515 
245 |a Emulsiones asfálticas aniónicas y catiónicas 
260 |c 1965  |a [San José, Costa Rica] 
300 |a  [62] hojas : ilustraciones, 5 fotografías originales, gráficos ; 28 cm  
500 |a  Tesis (licenciatura en ingeniería civil)--Universidad de Costa Rica. Escuela de Ingeniería Civil 
650 |x ASFALTO  |9 17516 
942 |c TFG 
999 |c 11465  |d 11465